000 00234nam a2200097Ia 4500
001 719614
005 20250826163046.0
008 250824s9999 xx 000 0 und d
245 0 _aDEVLET KUŞU
_cORHAN KEMAL
260 _bEVEREST YAYINLARI
999 _c719614
_d719614